000 00489nam a2200181Ia 4500
001 8733
005 20260306160631.0
008 260306t2013||||xx |||||||||||||| ||spa||
041 _aESP
082 _a371.3
_bT64 2013
100 _aTobón, Sergio
_eAUT
245 0 _aFormación integral y competencias:
_bpensamiento complejo, currículo, didáctica y evaluación
260 _c2013
300 _a368 páginas :
_c24 cm.
650 _aGEN
654 _aCED
942 _cLIB
_dJUS
_fJUS
_2ddc
_n
999 _c8733
_d8733